Rock Bands Where the Frontman/Frontwoman Is By Far the Most Famous - Statistics

General Stats
  • This quiz has been taken 48 times
  • The average score is 11 of 15
Answer Stats
Frontman/Frontwoman Band % Correct
Jon Bon Jovi Bon Jovi
98%
Freddie Mercury Queen
98%
Michael Jackson The Jackson 5
96%
Dave Grohl Foo Fighters
93%
Jim Morrison The Doors
93%
Debbie Harry Blondie
82%
Mark Knopfler Dire Straits
82%
John Fogerty Creedence Clearwater Revival
64%
Lemmy Kilmister Motörhead
64%
Lou Reed The Velvet Underground
60%
Chrissie Hynde The Pretenders
58%
Billy Corgan The Smashing Pumpkins
58%
Morrissey The Smiths
56%
Frank Zappa The Mothers of Invention
36%
Julian Casablancas The Strokes
29%
No matching quizzes found
Score Distribution
Percent of People with Each Score
Percentile by Number Answered
Your Score History
You have not taken this quiz